Statistics for Top 15 Countries with Covid-19 Cases - 2 February 2022

Click here to take the quiz!

General Stats

  • This quiz has been taken 18 times
  • The average score is 16 of 28

Answer Stats

country% Correct
United States
100%
Mexico
94%
Brazil
88%
Italy
88%
United Kingdom
88%
France
82%
Germany
82%
India
82%
Russia
76%
Spain
76%
Argentina
71%
Netherlands
65%
Portugal
65%
Belgium
53%
Poland
53%
Turkey
53%
Colombia
47%
Denmark
47%
Iran
47%
Ireland
47%
Czechia
35%
Switzerland
35%
Slovenia
29%
Croatia
24%
Israel
24%
Estonia
18%
Lithuania
18%
Georgia
12%

Score Distribution

Percentile by Number Answered

Percent of People with Each Score

Your Score History

You have not taken this quiz